000 00587nam a2200205Ii 4500
003 JO-AjNU
008 230605s9999||||xx |||||||||||||| ||und||
017 _a2002/1/286
040 _aJO-AjNU
_bara
_erda
_cJO-AjNU
041 _aara
050 1 4 _aQC21.2 2005
100 3 _aالسباتين ، علي,
_eauthor
_935882
245 0 0 _aالمكتمل في الفيزياء
264 3 1 _aعمان:المؤلف ،2005
300 _a260ص
336 _atext
_btxt
_2rdacontent
337 _aunmediated
_bn
_2rdamedia
338 _avolume
_bnc
_2rdacarrier
650 4 _aفيزياء
_935883
999 _aA14856
_c18424
_d18424